Влияние добавок переходных металлов на температурный коэффициент линейного расширения титана ни ванадия; Теплофизика высоких температур; Т. 14, № 6

التفاصيل البيبلوغرافية
Parent link:Теплофизика высоких температур/ Академия наук СССР (АН СССР).— , 1964-.— 0040-3644
Т. 14, № 6.— 1976.— с. 1197-1200
المؤلف الرئيسي: Лесная М. И.
مؤلفون آخرون: Волокитин Г. Г., Кащук В. А.
اللغة:الروسية
منشور في: 1976
الموضوعات:
التنسيق: فصل الكتاب
KOHA link:https://koha.lib.tpu.ru/cgi-bin/koha/opac-detail.pl?biblionumber=447603

MARC

LEADER 00000naa2a2200000 4500
001 447603
005 20231101082754.0
035 |a (RuTPU)RU\TPU\prd\109570 
035 |a RU\TPU\tpu\11263 
090 |a 447603 
100 |a 20110514a1976 k y0rusy50 ca 
101 0 |a rus 
102 |a RU 
200 1 |a Влияние добавок переходных металлов на температурный коэффициент линейного расширения титана ни ванадия  |f М. И. Лесная, Г. Г. Волокитин, В. А. Кащук 
320 |a Библиогр.: 6 назв. 
461 1 |0 (RuTPU)RU\TPU\prd\377  |x 0040-3644  |t Теплофизика высоких температур  |f Академия наук СССР (АН СССР)  |d 1964- 
463 1 |0 (RuTPU)RU\TPU\prd\109569  |t Т. 14, № 6  |v с. 1197-1200  |d 1976 
610 1 |a переходные металлы 
610 1 |a добавки 
610 1 |a линейное расширение 
610 1 |a ванадий 
610 1 |a титан 
610 1 |a труды учёных ТПУ 
700 1 |a Лесная  |b М. И. 
701 1 |a Волокитин  |b Г. Г. 
701 1 |a Кащук  |b В. А. 
801 1 |a RU  |b 63413507  |c 20030829  |g PSBO 
801 2 |a RU  |b 63413507  |c 20110514  |g RCR 
942 |c BK